000 00595nam a2200169Ia 4500
005 20250424120313.0
008 250424s9999 xx 000 0 und d
022 _a11152613
050 _aRA 552 .M43/
245 0 _aNigerian journal of medicine
260 _aNigeria
260 _bThe Society of Petroleum Engineers of AIME
260 _c2015
300 _ai, 385 p. :ill. ; 29 cm.
650 _aPublic health--Nigeria--Periodicals. Medicine--Nigeria--Periodicals. Public Health. Professional Practice. Pharmacological Phenomena. Medicine. Public health. Nigeria. Nigeria.
942 _cSR
999 _c38551
_d38551